Les résultats du Psg en ldc en 2017-2018 - Statistiques

Statistiques générales
  • Ce quiz a été pris 118 fois
  • Le résultat moyen est 7 sur 8
Statistiques - réponses
Hint Réponse % Correct
Psg - Bayern 3-0
95%
Real Madrid - Psg 3-1
93%
Psg - Real Madrid 1-2
87%
Bayern - Psg 3-1
85%
Psg - Celtic glasgow 7-1
84%
Anderlecht - Psg 0-4
82%
Psg - Anderlecht 5-0
81%
Celtic Glasgow - Psg 0-5
80%
Aucun quiz correspondant
Distribution des résultats
% des personnes avec chaque résultat
Percentile par nombre de réponses
Votre historique - résultats
Vous n’avez pas pris ce quiz